| 000 | 00514nam a22001937a 4500 | ||
|---|---|---|---|
| 999 |
_c6248 _d6248 |
||
| 003 | OSt | ||
| 005 | 20190820154247.0 | ||
| 008 | 190820b ||||| |||| 00| 0 eng d | ||
| 020 | _a9780632037674 | ||
| 040 | _cDDC | ||
| 082 | _a553.28 GLU 2004 | ||
| 100 |
_aGluyas, Jon; Swarbrick, Richard _912849 |
||
| 245 | _aPetroleum Geoscience | ||
| 260 |
_aUSA; _bBlackwell, 2004 |
||
| 300 |
_a359p; _bill: _c25cm |
||
| 504 | _aReferences, & index included | ||
| 650 |
_aPetroleum geoscience _912850 |
||
| 942 |
_2ddc _cB_BANK |
||